Cómo mejorar la institución educativa : evaluación de la innovación y del cambio : análisis de casos (Registro nro. 372888)

Detalles MARC
001 - NÚMERO DE CONTROL
campo de control 953125
005 - FECHA Y HORA DE LA ÚLTIMA TRANSACCIÓN
campo de control 20260506155945.0
008 - DATOS DE LONGITUD FIJA--INFORMACIÓN GENERAL
campo de control de longitud fija 051101s1998 spa
020 ## - NÚMERO INTERNACIONAL ESTÁNDAR DEL LIBRO
Número Internacional Estándar del Libro 9582004584
035 ## - NÚMERO DE CONTROL DEL SISTEMA
Número de control de sistema 953125
035 ## - NÚMERO DE CONTROL DEL SISTEMA
Número de control de sistema (OCoLC)57252127
040 ## - FUENTE DE LA CATALOGACIÓN
Centro/agencia transcriptor comduadb
041 ## - CÓDIGO DE LENGUA
Código de lengua del texto/banda sonora o título independiente spa
080 ## - NÚMERO DE LA CLASIFICACIÓN DECIMAL UNIVERSAL
Número de la Clasificación Decimal Universal FB
080 ## - NÚMERO DE LA CLASIFICACIÓN DECIMAL UNIVERSAL
Número de la Clasificación Decimal Universal G
100 10 - ENTRADA PRINCIPAL--NOMBRE DE PERSONA
Nombre de persona Ruiz Ruiz, José María
Código de función aut
Término indicativo de función/relación Autor/a
9 (RLIN) 384649
245 10 - MENCIÓN DE TÍTULO
Título Cómo mejorar la institución educativa : evaluación de la innovación y del cambio : análisis de casos
260 ## - PUBLICACIÓN, DISTRIBUCIÓN, ETC.
Lugar de publicación, distribución, etc. Bogotá :
Nombre del editor, distribuidor, etc. Cooperativa Editorial Magisterio,
Fecha de publicación, distribución, etc. 1998.
300 ## - DESCRIPCIÓN FÍSICA
Extensión 257 páginas
490 0# - MENCIÓN DE SERIE
Mención de serie Mesa Redonda
650 #7 - PUNTO DE ACCESO ADICIONAL DE MATERIA--TÉRMINO DE MATERIA
Término de materia o nombre geográfico como elemento de entrada Cambio educativo
Fuente del encabezamiento o término embne
9 (RLIN) 89737
650 ## - PUNTO DE ACCESO ADICIONAL DE MATERIA--TÉRMINO DE MATERIA
Término de materia o nombre geográfico como elemento de entrada Innovación curricular
9 (RLIN) 69618
650 #7 - PUNTO DE ACCESO ADICIONAL DE MATERIA--TÉRMINO DE MATERIA
Término de materia o nombre geográfico como elemento de entrada Innovaciones educativas
Fuente del encabezamiento o término lemb
9 (RLIN) 39728
650 ## - PUNTO DE ACCESO ADICIONAL DE MATERIA--TÉRMINO DE MATERIA
Término de materia o nombre geográfico como elemento de entrada Rol del docente
9 (RLIN) 18632
942 ## - ELEMENTOS DE ENTRADA AGREGADA (KOHA)
Tipo de ítem Koha Libros
Existencias
Estado de retiro Estado de pérdida Estado dañado No para préstamo Código de colección Localización permanente Ubicación/localización actual Fecha de adquisición Número de inventario Total de préstamos Signatura topográfica completa Código de barras Fecha visto por última vez Número de copia Precio válido a partir de Tipo de ítem Koha
        Colección General Centro Documentación Educación (Bl. 9-140) Centro Documentación Educación (Bl. 9-140) 01/11/2005 C887233   FB/0077 0591032 26/04/2023 1 26/04/2023 Libros
        Colección General Instituto de Estudios Regionales INER (BL. 9-242) Instituto de Estudios Regionales INER (BL. 9-242) 09/04/2008 C995304   G/2635 0639293 26/04/2023 2 26/04/2023 Libros